| 000 | 00800nam a2200205Ia 4500 | ||
|---|---|---|---|
| 008 | 0000001988 sp a 0000000000spa00 | ||
| 090 | _aPSP00 J17a | ||
| 100 | 1 | _aJarauta, Francisco | |
| 245 | 1 | 0 |
_aAlfonso Albacete _c/ texto Francisco Jarauta ; fotografías Melli Pérez Madero |
| 300 |
_a32 p. _c/ 34 cm. |
||
| 500 | _aExposición realizada en Galeria Nieves Fernández, Madrid, 1989 \ Con el patronazgo del maestro venezolano Jesús Rafael Soto (q.e.p.d.) \ | ||
| 600 | 0 | 0 |
_aALBACETE, ALFONSO, 1950/ _xTRABAJOS PICTORICOS |
| 650 | 1 | 4 | _aARTE CONTEMPORANEO ESPAÑOL |
| 650 | 1 | 4 | _xCATALOGOS |
| 650 | 1 | 4 | _xEXPOSICIONES |
| 650 | 1 | 4 | _aPINTORES ESPAÑOLES |
| 650 | 1 | 4 | _aPINTURA ESPAÑOLA |
| 700 | 1 | _aPérez Madero, Melli | |
| 999 |
_c5377 _d5377 |
||
| 260 |
_aMadrid : Galería Nieves Fernández _c1988 |
||